[Event "Challenge"]
[Site "http://www.queenalice.com/game.php?id=1870788"]
[Date "2026.3.21"]
[Round "-"]
[White "Leanne"]
[Black "renet54"]
[Result "0-1"]
[WhiteElo "1257"]
[BlackElo "1594"]

1. Nf3 Nf6 2. c4 c5 3. d4 e6 4. dxc5 Bxc5 5. e3 O-O 6. Be2 Nc6 7. O-O b6 8. g3
Bb7 9. Ng5 Ne7 10. Bf3 Rb8 11. Nc3 Ng6 12. e4 h6 13. e5 Nxe5 14. Bf4 hxg5 15.
Bxe5 d6 16. Bxf6 Qxf6 17. Ne4 Bxe4 18. Bxe4 Qxb2 19. Qc2 Qd4 20. Qe2 f5 21. Bd3
f4 22. Qxe6+ Kh8 23. Qh3+ Kg8 24. Qh7+ Kf7 25. gxf4 Qxf4 26. Qf5+ Qxf5 27. Bxf5
Kf6 28. Bd3 Rh8 0-1

[Event "Challenge"]
[Site "http://www.queenalice.com/game.php?id=1870789"]
[Date "2026.3.21"]
[Round "-"]
[White "renet54"]
[Black "Leanne"]
[Result "1-0"]
[WhiteElo "1591"]
[BlackElo "1260"]

1. d4 f5 2. Bf4 d6 3. e3 Nf6 4. Nf3 Nc6 5. Bd3 e5 6. dxe5 dxe5 7. Bg5 Be7 8. Nc3
e4 9. O-O exf3 10. Qxf3 Qd6 11. Rad1 Ne5 12. Bb5+ Kf8 13. Rxd6 Nxf3+ 14. gxf3
Bxd6 15. Bxf6 gxf6 16. Nd5 Rg8+ 17. Kh1 c6 18. Nxf6 Rg7 19. Bc4 Be5 20. Nh5 Rg6
21. f4 Rh6 22. fxe5 Rxh5 23. e6 b5 24. Bb3 Ke7 25. Rg1 Bxe6 26. Bxe6 Kxe6 27.
Re1 1-0

[Event "Challenge"]
[Site "http://www.queenalice.com/game.php?id=1871199"]
[Date "2026.3.29"]
[Round "-"]
[White "Leanne"]
[Black "Wilson"]
[Result "1-0"]
[WhiteElo "1227"]
[BlackElo "1520"]

1. d4 d5 2. c4 e6 3. g3 Nf6 4. Bg2 Be7 5. Nf3 c5 6. cxd5 exd5 7. e3 O-O 8. O-O
b6 9. Nc3 Bb7 10. dxc5 bxc5 11. e4 dxe4 12. Ng5 Ba6 13. Re1 Bb7 14. Bxe4 Bxe4
15. Ngxe4 Nxe4 16. Nxe4 Nc6 17. Qg4 Ne5 18. Qh5 g6 19. Qxe5 Re8 20. Bg5 Bxg5 21.
Qxg5 Rc8 22. Nf6+ Qxf6 23. Qxf6 Rf8 24. Qg5 c4 25. Rac1 a6 26. f4 Kg7 27. Qe5+
Kg8 28. f5 Rce8 29. Qd5 Rc8 30. fxg6 hxg6 31. Rxc4 Rcd8 32. Qe4 Ra8 33. b4 a5
34. bxa5 Rxa5 35. Ra4 Rc5 36. Ra8 Rcc8 37. Rxc8 Rxc8 38. a4 1-0

[Event "Challenge"]
[Site "http://www.queenalice.com/game.php?id=1871200"]
[Date "2026.3.29"]
[Round "-"]
[White "Wilson"]
[Black "Leanne"]
[Result "1-0"]
[WhiteElo "1515"]
[BlackElo "1236"]

1. e4 e5 2. d4 Nc6 3. d5 Nd4 4. Nd2 Nf6 5. c4 c6 6. Ngf3 Bb4 7. a3 Bxd2+ 8. Nxd2
cxd5 9. Bd3 dxe4 10. Nxe4 Nxe4 11. Bxe4 g6 12. Bh6 Qc7 13. Bg7 Rg8 14. Bf6 d6
15. b3 Qb6 16. O-O d5 17. Bxd5 Qxf6 18. Rc1 Qe7 19. Qd3 Be6 20. Rce1 O-O-O 21.
Rxe5 Nc6 22. Qg3 Nxe5 23. Qxe5 Qd6 24. Qf6 Bh3 25. Qxf7 g5 26. Qxb7# 1-0

[Event "Challenge"]
[Site "http://www.queenalice.com/game.php?id=1871201"]
[Date "2026.3.29"]
[Round "-"]
[White "Leanne"]
[Black "iliov2008"]
[Result "1-0"]
[WhiteElo "1252"]
[BlackElo "1475"]

1. Nf3 e6 2. d4 Nc6 3. e4 h5 4. d5 exd5 5. exd5 Na5 6. Bg5 f6 7. Bd2 d6 8. Nc3
Bg4 9. g3 c6 10. Bg2 cxd5 11. Nxd5 Be6 12. Qe2 Qd7 13. O-O b6 14. Nf4 g5 15.
Nxe6 Bh6 16. Nc5+ Qe7 17. Qb5+ Kf7 18. Rae1 Qc7 19. Nb3 Nxb3 20. Qxb3+ Kg7 21.
Qd5 Rc8 22. c3 g4 23. Bxh6+ Kxh6 24. Nd4 a5 25. Ne6 Qd7 26. Nf4 Ne7 27. Qe4 Rhe8
28. Qd4 a4 29. h3 b5 30. Qxf6+ Ng6 31. Qxg6# 1-0

[Event "Challenge"]
[Site "http://www.queenalice.com/game.php?id=1871202"]
[Date "2026.3.29"]
[Round "-"]
[White "iliov2008"]
[Black "Leanne"]
[Result "1-0"]
[WhiteElo "1450"]
[BlackElo "1301"]

1. e4 e6 2. Nc3 d5 3. Bb5+ c6 4. Ba4 Nf6 5. Nf3 Be7 6. h4 Bb4 7. Ne5 O-O 8. d3
dxe4 9. dxe4 Qc7 10. a3 Be7 11. Bf4 Qb6 12. b3 Bc5 13. b4 Bd4 14. Qd2 Bxc3 15.
Qxc3 Nxe4 16. Qf3 Qd4 17. Rd1 Qc3+ 18. Bd2 Qxf3 19. gxf3 Nd7 20. Nxd7 Bxd7 21.
fxe4 b6 22. h5 g6 23. Bh6 Rfd8 24. Rh3 e5 25. Rhd3 b5 26. Rxd7 Rxd7 27. Rxd7
bxa4 28. Rd6 a5 29. bxa5 f5 30. exf5 gxf5 31. Rxc6 Rxa5 32. Rc8+ Kf7 33. Rf8+
Ke6 34. f4 exf4 35. Bxf4 Rc5 36. Kd1 Rc3 37. Kd2 Rxa3 38. c3 Ra2+ 39. Kd3 Rb2
40. Bc1 Rb1 41. Ba3 Rb3 42. Bc1 a3 43. Ra8 1-0